| 000 | 00369nam a2200121Ia 4500 | ||
|---|---|---|---|
| 008 | 210430s9999 xx 000 0 und d | ||
| 020 | _a978-969-9532-04-7 | ||
| 082 | _a310.72 S5256B | ||
| 100 | _aDr. Safdar Ali Shah & Syed Javaid A. Kazi | ||
| 245 | 4 |
_aThe Buddhist heritage of Pakistan _cDr. Safdar Ali Shah & Syed Javaid A. Kazi |
|
| 300 | _a130 | ||
| 942 |
_cBK _2ddc |
||
| 999 |
_c565391 _d565391 |
||